00843ccm a2200217 i 4500003000900000008004100009040002800050043001200078082000900090100004300099245008100142300006300223500004300286650004400329650003800373650002500411700004800436942000800484999001700492952011600509CO-ViMGA150825t20132013ck fmgnfrd n spa d aCO-ViMGAbspacCO-ViMGA as-ck---04a026c1 aOchoa, Freddyd1976-ecompositor9460910aColombia coralbcompositores antioqueñoscFreddy Ochoa y Juan David Osorio a1 partitura (82 páginas)bilustraciones, músicac27 cm aXII Festival Coral de Medellín 2013.14aMúsica folclórica colombiana 9461024aMúsica popular colombiana9461124aMúsica vocal946121 aOsorio, Juan Davidd1985-ecompositor94613 2ddc c35788d35788 00102ddc40708003aMEVIECARbMEVIECARd2016-08-27l0o026cp30348r2016-08-27 00:00:00tEj.1w2016-08-27yBK